00413nam a2200157Ia 45000010006000000050017000060080041000230410008000640820017000721000033000892450080001222600009002023000028002116500008002396540008002472470520260414151101.0260414t2017||||xx |||||||||||||| ||spa|| aESP a345.725bS92 aSumaria Benavente, OmareAUT 0aLa tutela cautelar :banálisis y revisión crítica de sus presupuestos c2017 a383 páginas :c25 cm. aDER aCDE